000 00312nam a22001097a 4500
008 211014b ||||| |||| 00| 0 eng d
050 _aperiodical
245 _aResearch in African Literature
260 _aBloomington
_bIndiana University Bloomington
_c1995
300 _aNot specified
942 _2lcc
_cPERIODICAL
999 _c130850
_d130850